[Event "BL2-Nord 9293"]
[Site "Germany"]
[Date "1993.??.??"]
[Round "?.5"]
[White "Steckner, Johannes"]
[Black "Darnstaedt, Frank"]
[Result "1/2-1/2"]
[WhiteElo "2310"]
[BlackElo "2345"]
[PlyCount "127"]
[EventDate "1992.10.??"]
[EventType "team-tourn"]
[EventRounds "9"]
[EventCountry "GER"]
[SourceTitle "GER-chT2"]
[Source "ChessBase"]
[SourceDate "1999.07.01"]
[SourceVersion "1"]
[SourceVersionDate "1999.07.01"]
[SourceQuality "1"]
[WhiteTeam "Hamburger SK II"]
[BlackTeam "Magdeburg"]
[WhiteTeamCountry "GER"]
[BlackTeamCountry "GER"]

1. d4 Nf6 2. c4 g6 3. g3 Bg7 4. Bg2 d5 5. cxd5 Nxd5 6. e4 Nb6 7. Ne2 0-0 8. Nbc3 N8d7 9. 0-0 e6 10. a4 c5 11. d5 exd5 12. exd5 Nc4 13. Ne4 Nxb2 14. Qc2 Nd3 15. Qxd3 Bxa1 16. Bg5 f6 17. Bh6 f5 18. Bxf8 fxe4 19. Bxe4 Qxf8 20. Rxa1 Qf6 21. Qc3 Qxc3 22. Nxc3 Nf6 23. d6 Nxe4 24. Nxe4 Bf5 25. Nxc5 b6 26. Na6 Rd8 27. Rd1 Kf7 28. Nc7 Kf6 29. f4 g5 30. fxg5+ Kxg5 31. Kf2 Kf6 32. Ke3 Bd7 33. Kd4 Bh3 34. Ke4 Bg2+ 35. Kf4 Bc6 36. Rd4 Bd7 37. g4 h6 38. h4 Rg8 39. Nd5+ Ke6 40. Nc7+ Kf6 41. Nd5+ Ke6 42. Ne3 Rf8+ 43. Nf5 Bc6 44. Rd2 Bxa4 45. d7 Rd8 46. Rd6+ Kf7 47. Nxh6+ Kf8 48. Ke5 Rxd7 49. Rxd7 Bxd7 50. Kf6 a5 51. h5 Be8 52. Nf5 Kg8 53. Nd6 a4 54. Nc4 b5 55. Na3 b4 56. Nc2 b3 57. Na3 Kh7 58. Ke7 Bc6 59. Kd6 Bf3 60. Kc5 Bxg4 61. Kb4 Bd7 62. Nb1 Kh6 63. Nd2 Kxh5 64. Nxb3 1/2-1/2

[Event "Aarhus"]
[Site "Aarhus"]
[Date "1993.??.??"]
[Round "5"]
[White "Steckner, Johannes"]
[Black "Jacobsen, Bo"]
[Result "0-1"]
[WhiteElo "2310"]
[BlackElo "2250"]
[PlyCount "76"]
[EventDate "1993.01.??"]
[EventType "tourn"]
[EventRounds "9"]
[EventCountry "DEN"]
[EventCategory "9"]
[SourceTitle "EXT 1998"]
[Source "ChessBase"]
[SourceDate "1997.11.17"]
[SourceVersion "1"]
[SourceVersionDate "1997.11.17"]
[SourceQuality "1"]

1. d4 Nf6 2. c4 g6 3. g3 Bg7 4. Bg2 0-0 5. Nc3 d6 6. Nf3 a6 7. 0-0 c6 8. e4 b5 9. e5 Ne8 10. Qe2 Nc7 11. Re1 d5 12. b3 bxc4 13. bxc4 a5 14. c5 Nba6 15. Na4 Bg4 16. h3 Bxf3 17. Bxf3 f6 18. Nb6 Ra7 19. e6 f5 20. Bb2 Rf6 21. Qd2 Nb8 22. a4 Nxe6 23. Bc3 f4 24. Bg4 Nf8 25. Bxa5 h5 26. Bd1 Ne6 27. Bc3 Ng5 28. h4 fxg3 29. fxg3 Ne4 30. Rxe4 dxe4 31. d5 Rf5 32. Bxg7 Kxg7 33. Qd4+ Kh7 34. Qxe4 cxd5 35. Qe6 Qh8 36. Nxd5 Qxa1 37. Nxe7 Qxd1+ 38. Kh2 Rf2+ 0-1